000 00363nam a22001337a 4500
008 230619b xxu||||| |||| 00| 0 eng d
020 _a0345320255
082 _a301.1
_bBER
100 _cEric Berne, M.D
245 _athe Structure and Dynamics of Organizations and Groups
260 _aNew York
_bJ.B Lippincott Company
_c1963
300 _a338p
942 _2ddc
_cBK
999 _c1301
_d1301